00671nam a2200157 a 450000100100000000500170001000800410002704000250006811001240009324501020021726000430031930000200036204900090038295201050039199900170049600003186420200930063236.0110707s1995 dr ad 000 0 spa d aDO-SdBNPbspacBNPHU2 aBanco Central de la República DominicanabDepartamento de Programación Monetaria y Estadísticas Economicas95807810aComportamiento de los principales agregados macroeconómicos durante el primer semestre de 1995. aSanto Domingo :bBanco Central,c1995. a11 p. ;c28 cm. aBNPD 0010718PDaPDbPDcCTd2011-07-07iLF1l0o p31864-10r2020-06-25w2020-06-25yLFPDZNo se presta c31356d31356